00828nam a2200229 a 450000100060000000300080000600500170001400800410003103500190007204000350009104100080012608200200013410000400015424500880019426000320028230000380031465000580035270000300041094200120044099900170045295201290046931894BD-RjUL20211209051749.0140422s1931 enk 00000 eng d a(BD-RjUL)31982 aBD-RjULbengcBD-RjULdBD-RjUL aeng00a828.1bROE 193110aRolle, Richard,d1290?-1349.99708910aEnglish writings of Richard Rolle, hermit of Hampole /cEdited by Hope Emily Allen.0 aOxford :bClarendon,c1931. b illus. ;axiv, 180 p. ;c 20 cm. 0aEnglish literatureyMiddle English, 1100-1500.99709010aAllen, Hope Emily,963074 2ddccBK c31894d31894 00102ddc4071aRUCLbRUCLcReadingd1955-07-21eO. U. Pg6.40l0o828.1 ROE 1931r2014-04-22 00:00:00tC-1w2014-04-22yBK